[Event "Navarra-chT"]
[Site "Navarra"]
[Date "2016.10.15"]
[Round "2.7"]
[White "Vigor Iriarte, Unai"]
[Black "Larrea Reta, Javier"]
[Result "1-0"]
[WhiteElo "1611"]
[BlackElo "1861"]
[PlyCount "107"]
[EventDate "2016.10.08"]
[EventType "team-tourn"]
[EventRounds "7"]
[EventCountry "ESP"]
[SourceTitle "CBM 175 Extra"]
[Source "ChessBase"]
[SourceDate "2016.12.12"]
[SourceVersion "1"]
[SourceVersionDate "2016.12.12"]
[SourceQuality "1"]
[WhiteTeam "Arrano Elkartea"]
[BlackTeam "Paz de Ziganda"]
[WhiteTeamCountry "ESP"]
[BlackTeamCountry "ESP"]

1. e4 c5 2. Nf3 d6 3. d4 cxd4 4. Nxd4 a6 5. Bc4 e6 6. 0-0 Nf6 7. Bd3 Be7 8. c3 Qc7 9. Nd2 0-0 10. N2f3 Nbd7 11. Bc2 b5 12. Re1 Bb7 13. Ng5 Qb8 14. Qd3 h6 15. Ngxe6 fxe6 16. Nxe6 Nc5 17. Nxc5 dxc5 18. e5 Qd8 19. Qg6 Qe8 20. Qxe8 Nxe8 21. f4 Rd8 22. a4 b4 23. c4 Bc8 24. Be3 Nc7 25. b3 Bf5 26. Bxf5 Rxf5 27. Rad1 Rff8 28. g3 Rxd1 29. Rxd1 Rc8 30. Rd7 Kf8 31. Kf2 Ke8 32. Rd3 Rd8 33. Ke2 Rxd3 34. Kxd3 Kf7 35. Ke4 g6 36. g4 h5 37. g5 Ke6 38. h4 Ne8 39. Bf2 Ng7 40. Be3 Nf5 41. Bf2 Ng7 42. Be3 Bf8 43. Bg1 Ne8 44. Bf2 Nc7 45. Be3 Ne8 46. Bf2 Ng7 47. Be3 Nf5 48. Bf2 Be7 49. Kd3 Nd4 50. Bxd4 cxd4 51. Kxd4 Kf5 52. c5 Kxf4 53. c6 Bd8 54. e6 1-0

[Event "Navarra-chT"]
[Site "Navarra"]
[Date "2016.10.08"]
[Round "1.7"]
[White "Martinez Bernardo, Aitor"]
[Black "Vigor Iriarte, Unai"]
[Result "1-0"]
[WhiteElo "1700"]
[BlackElo "1611"]
[PlyCount "75"]
[EventDate "2016.10.08"]
[EventType "team-tourn"]
[EventRounds "7"]
[EventCountry "ESP"]
[SourceTitle "CBM 175 Extra"]
[Source "ChessBase"]
[SourceDate "2016.12.12"]
[SourceVersion "1"]
[SourceVersionDate "2016.12.12"]
[SourceQuality "1"]
[WhiteTeam "Santa Ana Siglo 21"]
[BlackTeam "Arrano Elkartea"]
[WhiteTeamCountry "ESP"]
[BlackTeamCountry "ESP"]

1. c4 Nf6 2. Nc3 e6 3. Nf3 d5 4. b3 d4 5. Nb5 c5 6. d3 a6 7. Na3 Nc6 8. g3 Bd6 9. Bg2 Qc7 10. Nc2 0-0 11. 0-0 e5 12. Nd2 h5 13. h4 Bg4 14. Ne1 Rae8 15. Ne4 Nxe4 16. dxe4 Be6 17. Nf3 f5 18. Ng5 f4 19. e3 g6 20. exf4 exf4 21. e5 Bxe5 22. Nxe6 Rxe6 23. Bd5 Qd6 24. Re1 fxg3 25. f4 Kh7 26. Bxe6 Bxf4 27. Bd5 Nb4 28. Re6 Qd8 29. Qe2 Qxh4 30. Bxf4 Rxf4 31. Qg2 Rf2 32. Qh1 Qg5 33. Be4 Rf6 34. Rxf6 Qxf6 35. Qxh5+ Kg7 36. Qf3 Qe5 37. Rf1 d3 38. Qf8+ 1-0

[Event "Navarra-chTA"]
[Site "Pamplona"]
[Date "2015.10.31"]
[Round "4.7"]
[White "Cloete, Herman Hubert"]
[Black "Vigor Iriarte, Unai"]
[Result "1-0"]
[WhiteElo "1655"]
[BlackElo "1659"]
[PlyCount "59"]
[EventDate "2015.10.10"]
[EventType "team-tourn"]
[EventRounds "7"]
[EventCountry "ESP"]
[SourceTitle "CBM 169 Extra"]
[Source "ChessBase"]
[SourceDate "2015.12.18"]
[SourceVersion "1"]
[SourceVersionDate "2015.12.18"]
[SourceQuality "1"]
[WhiteTeam "Paz de Ziganda"]
[BlackTeam "Arrano Elkartea"]
[WhiteTeamCountry "ESP"]
[BlackTeamCountry "ESP"]

1. d4 Nf6 2. Nf3 e6 3. g3 d5 4. Bg2 c5 5. 0-0 Nc6 6. c3 cxd4 7. cxd4 Be7 8. Nc3 Qb6 9. a3 0-0 10. Re1 Na5 11. b4 Nc4 12. e4 dxe4 13. Nxe4 Nxe4 14. Rxe4 Nd6 15. Re1 Bd7 16. Be3 Qb5 17. Ne5 Rfd8 18. Bf1 Qa4 19. Qf3 Be8 20. Bd3 f6 21. Nc4 Qd7 22. Nxd6 Qxd6 23. Bf4 Qxd4 24. Rad1 Qb6 25. Bc4 Rxd1 26. Qxd1 Bf7 27. Qb3 Rd8 28. Bxe6 Rf8 29. Bxf7+ Rxf7 30. Rxe7 1-0

[Event "Navarra-chTA"]
[Site "Pamplona"]
[Date "2015.10.24"]
[Round "3.7"]
[White "Ruiz Turrillas, Alfredo"]
[Black "Vigor Iriarte, Unai"]
[Result "0-1"]
[WhiteElo "1723"]
[BlackElo "1659"]
[PlyCount "48"]
[EventDate "2015.10.10"]
[EventType "team-tourn"]
[EventRounds "7"]
[EventCountry "ESP"]
[SourceTitle "CBM 169 Extra"]
[Source "ChessBase"]
[SourceDate "2015.12.18"]
[SourceVersion "1"]
[SourceVersionDate "2015.12.18"]
[SourceQuality "1"]
[WhiteTeam "Runa"]
[BlackTeam "Arrano Elkartea"]
[WhiteTeamCountry "ESP"]
[BlackTeamCountry "ESP"]

1. e4 d5 2. exd5 Qxd5 3. Nc3 Qa5 4. b4 Qb6 5. Qf3 Nf6 6. a4 c6 7. b5 e5 8. bxc6 Nxc6 9. Rb1 Qc7 10. Bb5 Bd6 11. Nge2 0-0 12. Bxc6 bxc6 13. Nb5 cxb5 14. Qxa8 Bb7 15. Qxa7 Bc5 16. Qxc5 Qxc5 17. Rxb5 Qc6 18. Bb2 Ba6 19. Rb4 Bxe2 20. Kxe2 Qxg2 21. Rf1 Nd5 22. Rb3 Nf4+ 23. Ke1 Qe4+ 24. Re3 Qxc2 0-1

[Event "Pamplona Navarro-ch"]
[Site "Pamplona"]
[Date "2015.05.16"]
[Round "6"]
[White "Hernandez Barricarte, Miguel Angel"]
[Black "Vigor Iriarte, Unai"]
[Result "1-0"]
[WhiteElo "1908"]
[BlackElo "1646"]
[PlyCount "93"]
[EventDate "2015.04.11"]
[EventType "swiss"]
[EventRounds "8"]
[EventCountry "ESP"]
[SourceTitle "EXT 2016"]
[Source "ChessBase"]
[SourceDate "2015.10.08"]
[SourceVersion "1"]
[SourceVersionDate "2015.10.08"]
[SourceQuality "1"]

1. d4 Nf6 2. c4 e6 3. Nf3 d5 4. g3 c5 5. cxd5 Nxd5 6. Bg2 Nc6 7. 0-0 Be7 8. dxc5 Bxc5 9. Qc2 Qb6 10. a3 a5 11. e4 Nf6 12. Nc3 0-0 13. Na4 Bxf2+ 14. Rxf2 Qa7 15. Qc5 Nxe4 16. Qxa7 Rxa7 17. Re2 Nf6 18. Be3 Ra6 19. Nc5 Ra8 20. Nd4 Nxd4 21. Bxd4 Nd5 22. Bxd5 exd5 23. Re7 Bh3 24. Nxb7 Rac8 25. Nc5 Rfe8 26. Rae1 Rxe7 27. Rxe7 Kf8 28. Re5 f6 29. Rxd5 Re8 30. Kf2 Bg4 31. Be3 Kf7 32. Rd2 Re5 33. b4 axb4 34. axb4 Rf5+ 35. Kg2 Bf3+ 36. Kg1 Bg4 37. h4 g5 38. hxg5 fxg5 39. Rf2 Bf3 40. Bxg5 Rxg5 41. Rxf3+ Ke7 42. Kg2 h5 43. Kh3 Re5 44. Rf4 Kd6 45. Kh4 Kc6 46. Nd3 Re3 47. Rd4 1-0

[Event "Navarra-ch"]
[Site "Pamplona"]
[Date "2014.05.17"]
[Round "6"]
[White "Ortin Blanco, Inigo"]
[Black "Vigor Iriarte, Unai"]
[Result "1-0"]
[WhiteElo "1661"]
[BlackElo "1630"]
[PlyCount "55"]
[EventDate "2014.03.29"]
[EventType "swiss"]
[EventRounds "8"]
[EventCountry "ESP"]
[SourceTitle "EXT 2016"]
[Source "ChessBase"]
[SourceDate "2015.10.08"]
[SourceVersion "1"]
[SourceVersionDate "2015.10.08"]
[SourceQuality "1"]

1. d4 Nf6 2. Bg5 e6 3. e4 Be7 4. Bxf6 Bxf6 5. f4 b6 6. Nc3 Nc6 7. Nf3 Bb7 8. Qd2 Bh4+ 9. Nxh4 Qxh4+ 10. g3 Qh5 11. Be2 Qg6 12. 0-0-0 0-0-0 13. d5 exd5 14. exd5 Nb4 15. d6 c5 16. Rhe1 Rhe8 17. a3 Nc6 18. Nd5 Kb8 19. Nc7 Rxe2 20. Qxe2 Nd4 21. Rxd4 cxd4 22. Qe7 Qf6 23. Qxf6 gxf6 24. Re7 Rf8 25. Ne8 f5 26. Nf6 Bc6 27. Nxh7 Rh8 28. Rxf7 1-0